|
|
|
|
| LEADER |
00636nam a2200181 i 4500 |
| 001 |
misc58207 |
| 005 |
20220119125658.0 |
| 008 |
210622s2021 hu o 0|| hun d |
| 020 |
|
|
|a 978-963-306-787-1
|
| 022 |
|
|
|a 1586-202X
|
| 024 |
7 |
|
|a https://doi.org/10.14232/iqkonyv.nagy.2021
|2 doi
|
| 040 |
|
|
|a SZTE Miscellanea Repozitórium
|b hun
|
| 041 |
|
|
|a hun
|
| 100 |
1 |
|
|a Nagy Péter Tibor
|
| 245 |
1 |
0 |
|a Vallásosság -történet, -szociológia
|h [elektronikus dokumentum] /
|c Nagy Péter Tibor
|
| 260 |
|
|
|c 2021
|
| 490 |
0 |
|
|a Iskolakultúra-könyvek
|v 53
|
| 856 |
4 |
0 |
|u http://misc.bibl.u-szeged.hu/58207/1/iskolakultura_konyvek_053.pdf
|z Dokumentum-elérés
|